000 00757nam a2200229 a 4500
001 000011101
005 20240412074223.0
008 091014s1983 dr r 000 p spa d
040 _aDO-SdBNP
_bspa
_cBNPHU
082 _aRD861.44
_bR139r
100 1 _aRaful, Tony,
_d1951-
_91377
245 1 0 _aRitual onírico de la ciudad y otras memorias /
_cTony Raful.
260 _aSanto Domingo :
_bTaller,
_c1983.
300 _a74 p. ;
_c21 cm.
490 1 _aBiblioteca taller
_v141
500 _aIncluye datos biográficos del autor en la contracubierta.
590 _aInventariado, 2018/BT
650 0 _aPoesía dominicana
_966
650 0 _aLiteratura dominicana.
_967
830 0 _aBiblioteca taller
_n141
_926600
910 _aValidado. Control de calidad. MFF
999 _c10826
_d10826